| 000 | 00486nam a22001817a 4500 | ||
|---|---|---|---|
| 005 | 20251108174926.0 | ||
| 008 | 250721s2009 xx 000 0 ara d | ||
| 082 | 1 | 4 | _a925/طري |
| 100 | 1 | _aالطريحي، محمد كاظم | |
| 245 | 1 | 0 | _aابن سينا بحث وتحقيق / |
| 264 | 1 |
_aدمشق : _bدار نينوى، _c2009. |
|
| 300 | _a186ص. | ||
| 650 | 1 | 7 | _aالتراجم |
| 650 | 1 | 7 | _aالعرب |
| 650 | 1 | 7 | _aالاطباء |
| 942 |
_2ddc _cBK |
||
| 999 |
_c121686 _d121686 |
||